|
|
|
|
| LEADER |
03198nam a2200745 a 4500 |
| 001 |
nkc20061646350 |
| 003 |
CZ PrNK |
| 005 |
20240930073827.0 |
| 007 |
ta |
| 008 |
060309s2006 xr e 000 0dcze |
| 015 |
|
|
|a cnb001646350
|
| 020 |
|
|
|a 80-86621-18-9
|q (brož.) :
|c neprodejné
|
| 035 |
|
|
|a (OCoLC)83979428
|
| 040 |
|
|
|a BOA001
|b cze
|d ABA001
|
| 041 |
0 |
|
|a cze
|b eng
|b ger
|
| 043 |
|
|
|a e-cs---
|
| 045 |
|
|
|a x4x8
|
| 072 |
|
7 |
|a 323
|x Vnitropolitický vývoj, politický život
|2 Konspekt
|9 15
|
| 080 |
|
|
|a 351.746.1
|2 MRF
|
| 080 |
|
|
|a 355.457
|2 MRF
|
| 080 |
|
|
|a 314.15-027.583
|2 MRF
|
| 080 |
|
|
|a 341.222[(4-11):(4-15)]
|2 MRF
|
| 080 |
|
|
|a [323.28:329.15]-058.6
|2 MRF
|
| 080 |
|
|
|a 323.28:329.15
|2 MRF
|
| 080 |
|
|
|a (437)
|2 MRF
|
| 080 |
|
|
|a (048.8)
|2 MRF
|
| 080 |
|
|
|a (093)
|2 MRF
|
| 080 |
|
|
|a (083.8)
|2 MRF
|
| 100 |
1 |
|
|a Pulec, Martin,
|d 1967-
|7 ola2002146747
|4 aut
|
| 245 |
1 |
0 |
|a Organizace a činnost ozbrojených pohraničních složek ;
|b Seznamy osob usmrcených na státních hranicích 1945-1989 /
|c Martin Pulec
|
| 250 |
|
|
|a Vyd. 1.
|
| 260 |
|
|
|a Praha :
|b Úřad dokumentace a vyšetřování zločinů komunismu,
|c 2006
|
| 300 |
|
|
|a 319 s. ;
|c 29 cm
|
| 490 |
1 |
|
|a Sešity Úřadu dokumentace a vyšetřování zločinů komunismu ;
|v č. 13
|
| 500 |
|
|
|a 3000 výt.
|
| 504 |
|
|
|a Obsahuje bibliografii a bibliografické odkazy
|
| 546 |
|
|
|a Anglické a německé resumé
|
| 610 |
1 |
7 |
|a Československo.
|b Pohraniční stráž
|7 ko2004260365
|2 czenas
|
| 648 |
|
7 |
|a 1945-1989
|7 ch460657
|2 czenas
|
| 650 |
0 |
7 |
|a pohraniční policie
|7 ph164197
|z Československo
|y 1945-1989
|2 czenas
|
| 650 |
0 |
7 |
|a ochrana státní hranice
|7 ph139179
|z Československo
|y 1945-1989
|2 czenas
|
| 650 |
0 |
7 |
|a nelegální migrace
|7 ph115430
|z Československo
|y 1945-1989
|2 czenas
|
| 650 |
0 |
7 |
|a železná opona
|7 ph942779
|z Československo
|2 czenas
|
| 650 |
0 |
7 |
|a oběti komunismu
|7 ph123640
|z Československo
|y 1945-1989
|2 czenas
|
| 650 |
0 |
7 |
|a zločiny komunismu
|7 ph139150
|z Československo
|y 1945-1989
|2 czenas
|
| 650 |
0 |
9 |
|a border patrols
|z Czechoslovakia
|y 1945-1989
|2 eczenas
|
| 650 |
0 |
9 |
|a defence of state boundary
|z Czechoslovakia
|y 1945-1989
|2 eczenas
|
| 650 |
0 |
9 |
|a illegal migration
|z Czechoslovakia
|y 1945-1989
|2 eczenas
|
| 650 |
0 |
9 |
|a victims of communism
|z Czechoslovakia
|y 1945-1989
|2 eczenas
|
| 650 |
0 |
9 |
|a crimes of communism
|z Czechoslovakia
|y 1945-1989
|2 eczenas
|
| 655 |
|
7 |
|a studie
|7 fd133597
|2 czenas
|
| 655 |
|
7 |
|a prameny
|7 fd131865
|2 czenas
|
| 655 |
|
7 |
|a seznamy
|7 fd133378
|2 czenas
|
| 655 |
|
9 |
|a studies
|2 eczenas
|
| 655 |
|
9 |
|a sources
|2 eczenas
|
| 655 |
|
9 |
|a lists
|2 eczenas
|
| 740 |
0 |
2 |
|a Seznamy osob usmrcených na státních hranicích 1945-1989
|
| 830 |
|
0 |
|a Sešity (Úřad dokumentace a vyšetřování zločinů komunismu PČR)
|0 s
|
| 856 |
4 |
1 |
|u http://www.digitalniknihovna.cz/mzk/uuid/uuid:f56350b0-a520-11e3-9d7d-005056827e51
|y Digitalizovaný dokument
|x NDK
|
| 910 |
2 |
|
|a BOA001
|b 3-1165.942
|
| 990 |
|
|
|a BK
|
| 995 |
|
|
|a 01
|
| 991 |
|
|
|b 200603
|c NOV
|
| 996 |
6 |
|
|b 2610274574
|c 3-1165.942
|l MZK
|r Sklad / do 1 hodiny
|n 4
|p p.v.
|w 000811198
|u 000010
|a 1
|e BOA001
|j MZK50
|s P
|
| 996 |
7 |
|
|b 2610274575
|c 3-1165.942
|l MZK
|r Sklad / do 1 hodiny
|n 20
|p p.v.
|w 000811198
|u 000020
|a 1
|e BOA001
|j MZK50
|s A
|